00330nam a22001217a 4500003000400000082001400004100001500018245011300033260003500146300000700181650001200188653000800200SGT a617bE21Y aYADAV, DEV aEvaluation of Efficacy of Silodosin versus Silodosin with Deflazacort in Expulsion of lower Ureteric Calculi aGURUGRAMbSGT UNIVERSITYc2021 a79 aSURGERY aM.S